| 000 | 00591nam a2200241Ia 4500 | ||
|---|---|---|---|
| 008 | 171025s9999 xx 000 0 und d | ||
| 020 | _a9780545329750 | ||
| 050 | _a31.02 | ||
| 050 | _bM367 2011 | ||
| 100 | _aMarshall, Anne | ||
| 245 | _aRipley's believe it or not! / | ||
| 245 | _cAnne Marshall. | ||
| 260 | _aUSA : | ||
| 260 | _bScholastic, | ||
| 260 | _c2011 | ||
| 300 | _a144 pages : | ||
| 300 | _bcolored illustrations ; | ||
| 300 | _c25cm. | ||
| 500 | _aInclude index. | ||
| 650 | _aCuriosities and wonders -- | ||
| 650 | _xJuvenile literature. | ||
| 700 | _aTitle. | ||
| 999 |
_c344744 _d344744 |
||